Christian Majority Countries - Statistics

General Stats
  • This quiz has been taken 1,042 times
  • The average score is 95 of 121
Answer Stats
Country % % Correct
United Kingdom 59.3
96%
United States 63
96%
Russia 73
94%
Mexico 88.9
93%
Spain 59.2
93%
Vatican City 100
93%
Canada 67.3
92%
France 58.1
92%
Brazil 90
91%
Italy 83
91%
Argentina 77
90%
Germany 53.9
90%
Norway 76.7
90%
Portugal 84.3
90%
Sweden 64.3
90%
Poland 94.3
89%
South Africa 79.8
89%
Finland 69.8
88%
Greece 93
88%
Ireland 83.8
88%
Ukraine 81.9
87%
Australia 52.1
86%
Chile 68
86%
Colombia 92
86%
Latvia 80
86%
Serbia 91
86%
Denmark 79
85%
Peru 87
85%
Romania 98
85%
San Marino 91.6
85%
Slovakia 74.4
85%
Austria 58
84%
Belgium 65
84%
Croatia 90.1
84%
Lithuania 79.4
84%
Panama 92
84%
Paraguay 96
84%
Slovenia 77.8
84%
Venezuela 88
84%
Andorra 89.5
83%
Democratic Republic of the Congo 92
83%
Dominican Republic 83
83%
Luxembourg 72.4
83%
Uruguay 58.1
83%
Bulgaria 85
82%
Ecuador 94
82%
Switzerland 65.5
82%
Cuba 65
81%
El Salvador 81.9
81%
Haiti 96
81%
Honduras 88
81%
Hungary 54.3
81%
Iceland 75.1
81%
Belarus 55.4
80%
Belize 76.7
80%
Bolivia 89
80%
Guatemala 87
80%
Guyana 64
80%
Kenya 85.1
80%
Costa Rica 82
79%
Dominica 88.7
79%
Monaco 82.6
79%
Nicaragua 84.6
79%
Jamaica 65.3
78%
Liechtenstein 84.4
78%
Moldova 95.3
78%
Republic of the Congo 90.7
78%
Ethiopia 75
77%
Namibia 90
77%
Zambia 95.5
77%
Malta 91.6
76%
Zimbabwe 87
76%
Angola 75
75%
Armenia 97.9
75%
Bahamas 95
75%
Barbados 74
75%
Rwanda 93.6
75%
Saint Lucia 90.4
75%
Tanzania 61.4
75%
Trinidad and Tobago 57.6
75%
Lesotho 90
74%
Mozambique 56.1
74%
North Macedonia 70.7
74%
Uganda 88.6
74%
Botswana 71.6
73%
Eswatini 82.7
73%
Georgia 88.6
73%
Ghana 71.2
73%
Saint Kitts and Nevis 87.6
73%
Saint Vincent and the Grenadines 82.1
73%
Fiji 64.4
72%
Grenada 97.3
72%
Montenegro 75.9
72%
Philippines 85
72%
Antigua and Barbuda 74
70%
Burundi 75
70%
Cyprus 79
70%
Madagascar 85
70%
Samoa 98.8
70%
Tonga 81
70%
Tuvalu 97
70%
Cameroon 70.7
69%
Marshall Islands 97
69%
Central African Republic 80
68%
Gabon 88
68%
Solomon Islands 97.4
68%
Vanuatu 93.3
68%
F.S. Micronesia 95.4
67%
Palau 77.9
67%
Kiribati 96.2
66%
Malawi 82.3
66%
Nauru 92.6
66%
Equatorial Guinea 88.7
65%
Seychelles 94.7
65%
Cape Verde 89.1
64%
Eritrea 67
64%
Papua New Guinea 97
64%
Liberia 85.5
62%
São Tomé and Príncipe 81.1
62%
Timor-Leste 99.1
62%
South Sudan 60.5
60%
No matching quizzes found
Score Distribution
Percent of People with Each Score
Percentile by Number Answered
Your Score History
You have not taken this quiz